Geenukalum paramparyavum / (Record no. 6185)
[ view plain ]
| 000 -LEADER | |
|---|---|
| fixed length control field | 00538cam a2200217ua 4500 |
| 041 ## - LANGUAGE CODE | |
| Language code of text/sound track or separate title | mal |
| 082 ## - DEWEY DECIMAL CLASSIFICATION NUMBER | |
| Classification number | 575.1 |
| Item number | PRA/GE |
| 100 ## - MAIN ENTRY--AUTHOR NAME | |
| Personal name | Prabhakaran, P.V. |
| 245 ## - TITLE STATEMENT | |
| Title | Geenukalum paramparyavum / |
| 260 ## - PUBLICATION, DISTRIBUTION, ETC. (IMPRINT) | |
| Place of publication | Thiruvananthapuram : |
| Name of publisher | State Instititute of Languages , |
| Year of publication | 1974. |
| 300 ## - PHYSICAL DESCRIPTION | |
| Number of Pages | 93 ; . |
| 942 ## - ADDED ENTRY ELEMENTS (KOHA) | |
| Koha item type | Books |
| Withdrawn status | Lost status | Damaged status | Home library | Current library | Date acquired | Full call number | Accession Number | Koha item type |
|---|---|---|---|---|---|---|---|---|
| KAUAET | KAUAET | 07/04/2012 | 575.1 | 13677 | Books | |||
| KAUAET | KAUAET | 07/04/2012 | 575.1 | 13676 | Books | |||
| Withdrawn | KAUAET | KAUAET | 07/04/2012 | 575.1 | 13678 | Books | ||
| KAUAET | KAUAET | 07/04/2012 | 575.1 | 13674 | Books | |||
| Withdrawn | KAUAET | KAUAET | 07/04/2012 | 575.1 | 13675 | Books |
